000 00217 a2200109 4500
020 _a9780061929373
041 _aeng
100 _aMichael Crichton
245 _aPirate Latitudes
942 _cBK
952 _71
_xFiccion
999 _c25849
_d25849